[Event "Gothenburg Kvibergspelen"]
[Site "Gothenburg"]
[Date "2024.09.07"]
[Round "5"]
[White "Nilsson, Patrik"]
[Black "Bodin, Bjorn"]
[Result "1-0"]
[WhiteElo "2124"]
[BlackElo "1704"]
[PlyCount "53"]
[EventDate "2024.09.06"]
[EventType "swiss"]
[EventRounds "8"]
[EventCountry "SWE"]
[SourceTitle "EXT 2025"]
[Source "ChessBase"]
[SourceDate "2024.10.14"]
[SourceVersion "1"]
[SourceVersionDate "2024.10.14"]
[SourceQuality "1"]

1. d4 Nf6 2. Nf3 d5 3. e3 c5 4. b3 Nc6 5. Bd3 Bg4 6. Bb2 e6 7. 0-0 Bd6 8. c4 cxd4 9. exd4 0-0 10. Nbd2 Rc8 11. a3 a5 12. Qb1 Nd7 13. cxd5 exd5 14. Bxh7+ Kh8 15. Bf5 Bxf5 16. Qxf5 Ne7 17. Qh3+ Kg8 18. Ne5 Nf6 19. Rac1 Qb6 20. Rfe1 Nc6 21. g4 Nh7 22. Nd7 Qd8 23. Nxf8 Qxf8 24. Nf3 Bxa3 25. Bxa3 Qxa3 26. g5 Rf8 27. Qf5 1-0